|
|
|
|
| LEADER |
03387nam a22005295i 4500 |
| 001 |
978-3-319-53171-7 |
| 003 |
DE-He213 |
| 005 |
20170504164741.0 |
| 007 |
cr nn 008mamaa |
| 008 |
170504s2017 gw | s |||| 0|eng d |
| 020 |
|
|
|a 9783319531717
|9 978-3-319-53171-7
|
| 024 |
7 |
|
|a 10.1007/978-3-319-53171-7
|2 doi
|
| 040 |
|
|
|d GrThAP
|
| 050 |
|
4 |
|a RC346-429.2
|
| 072 |
|
7 |
|a MJN
|2 bicssc
|
| 072 |
|
7 |
|a MED056000
|2 bisacsh
|
| 082 |
0 |
4 |
|a 616.8
|2 23
|
| 245 |
1 |
0 |
|a Nutrition in Neurologic Disorders
|h [electronic resource] :
|b A Practical Guide /
|c edited by Ethem Murat Arsava.
|
| 264 |
|
1 |
|a Cham :
|b Springer International Publishing :
|b Imprint: Springer,
|c 2017.
|
| 300 |
|
|
|a VII, 206 p. 24 illus., 17 illus. in color.
|b online resource.
|
| 336 |
|
|
|a text
|b txt
|2 rdacontent
|
| 337 |
|
|
|a computer
|b c
|2 rdamedia
|
| 338 |
|
|
|a online resource
|b cr
|2 rdacarrier
|
| 347 |
|
|
|a text file
|b PDF
|2 rda
|
| 505 |
0 |
|
|a Metabolism of Macronutrients -- Screening and Assessment of Malnutrition -- Malnutrition in Neurologic Diseases -- Methods of Clinical Nutrition -- Nutritional Support in the Neurointensive Care Unit -- Nutritional Support in Amyotrophic Lateral Sclerosis -- Nutritional Support in Chronic Degenerative Diseases -- Pathophysiology, Diagnosis and Medical Management of Dysphagia -- Dysphagia Rehabilitation -- Neuronutrition: An Emerging Concept.
|
| 520 |
|
|
|a This book offers focused and concise coverage of all issues relating to malnutrition in the field of neurology, and in particular addresses practical aspects of nutritional support from a neurology perspective. In addition to providing basic knowledge on important nutritional concepts (body metabolism, assessment and diagnosis of malnutrition, epidemiology, enteral/parenteral nutrition), detailed information is presented on nutritional support for various neurologic disorders handled in a variety of settings, including the neurointensive care unit. Much consideration is also given to the diagnosis and management of dysphagia, which is a common and highly critical cause of malnutrition in these patients. Finally, the newly developing concept of neuronutrition (or brain foods) – the use of certain nutrients for treatment of neurologic disorders – is discussed. By providing practical solutions to commonly encountered challenges in the nutritional management of neurologic patients, this book will prove a valuable resource for practicing neurologists in a wide variety of fields. It will also be very useful for medical personnel from other specialties such as clinical nutrition, critical care, and geriatric medicine.
|
| 650 |
|
0 |
|a Medicine.
|
| 650 |
|
0 |
|a Neurosciences.
|
| 650 |
|
0 |
|a Critical care medicine.
|
| 650 |
|
0 |
|a Clinical nutrition.
|
| 650 |
|
0 |
|a Geriatrics.
|
| 650 |
|
0 |
|a Neurology.
|
| 650 |
|
0 |
|a Neurosurgery.
|
| 650 |
1 |
4 |
|a Medicine & Public Health.
|
| 650 |
2 |
4 |
|a Neurology.
|
| 650 |
2 |
4 |
|a Clinical Nutrition.
|
| 650 |
2 |
4 |
|a Neurosciences.
|
| 650 |
2 |
4 |
|a Geriatrics/Gerontology.
|
| 650 |
2 |
4 |
|a Neurosurgery.
|
| 650 |
2 |
4 |
|a Intensive / Critical Care Medicine.
|
| 700 |
1 |
|
|a Arsava, Ethem Murat.
|e editor.
|
| 710 |
2 |
|
|a SpringerLink (Online service)
|
| 773 |
0 |
|
|t Springer eBooks
|
| 776 |
0 |
8 |
|i Printed edition:
|z 9783319531700
|
| 856 |
4 |
0 |
|u http://dx.doi.org/10.1007/978-3-319-53171-7
|z Full Text via HEAL-Link
|
| 912 |
|
|
|a ZDB-2-SME
|
| 950 |
|
|
|a Medicine (Springer-11650)
|